<?xml version="1.0" encoding="UTF-8"?>
<record
    xmlns:xsi="http://www.w3.org/2001/XMLSchema-instance"
    xsi:schemaLocation="http://www.loc.gov/MARC21/slim http://www.loc.gov/standards/marcxml/schema/MARC21slim.xsd"
    xmlns="http://www.loc.gov/MARC21/slim">

  <leader>01816nam a2200349uu 4500</leader>
  <controlfield tag="001">1472435</controlfield>
  <controlfield tag="005">20260508092207.0</controlfield>
  <controlfield tag="007">co|||||||</controlfield>
  <controlfield tag="008">170901s2017                        spa  </controlfield>
  <datafield tag="035" ind1=" " ind2=" ">
    <subfield code="a">1472435</subfield>
  </datafield>
  <datafield tag="040" ind1=" " ind2=" ">
    <subfield code="c">comduadb</subfield>
  </datafield>
  <datafield tag="041" ind1=" " ind2=" ">
    <subfield code="a">spa</subfield>
  </datafield>
  <datafield tag="080" ind1=" " ind2=" ">
    <subfield code="a">T/CD</subfield>
  </datafield>
  <datafield tag="082" ind1=" " ind2="4">
    <subfield code="a">157</subfield>
  </datafield>
  <datafield tag="100" ind1="1" ind2="0">
    <subfield code="a">Fl&#xF3;rez Restrepo, Cristian Mateo</subfield>
    <subfield code="4">aut</subfield>
    <subfield code="e">aut</subfield>
    <subfield code="9">679135</subfield>
  </datafield>
  <datafield tag="245" ind1="1" ind2="0">
    <subfield code="a">Terapia grupal, modelo de A. Beck y depresi&#xF3;n : un relacionamiento</subfield>
  </datafield>
  <datafield tag="260" ind1=" " ind2=" ">
    <subfield code="a">Medell&#xED;n :</subfield>
    <subfield code="b">Autores (as),</subfield>
    <subfield code="c">2017.</subfield>
  </datafield>
  <datafield tag="300" ind1=" " ind2=" ">
    <subfield code="a">1 CD-ROM</subfield>
  </datafield>
  <datafield tag="520" ind1="3" ind2=" ">
    <subfield code="a">En el presente trabajo de grado se aborda la intervenci&#xF3;n grupal para el trastorno depresivo a partir del an&#xE1;lisis de dos gu&#xED;as de intervenci&#xF3;n espec&#xED;ficas: el Programa para la terapia cognitiva de grupos, presentado por Steven D. Hollon y Brian F. Shaw, y el Manual de terapia de grupo para el tratamiento cognitivo-conductual de depresi&#xF3;n, elaborado por Ricardo F. Mu&#xF1;oz, Sergio Aguilar y John Guzm&#xE1;n, comparando su construcci&#xF3;n con el postulado te&#xF3;rico de Aaron Beck sobre la depresi&#xF3;n, identificando los posibles vac&#xED;os te&#xF3;ricos y oportunidades de mejora que presentan, para posteriormente proponer una discusi&#xF3;n en torno a recomendaciones que permitan potencializar la intervenci&#xF3;n psicol&#xF3;gica.</subfield>
  </datafield>
  <datafield tag="650" ind1=" " ind2=" ">
    <subfield code="a">Depresi&#xF3;n (Psicolog&#xED;a)</subfield>
    <subfield code="9">19795</subfield>
  </datafield>
  <datafield tag="650" ind1=" " ind2="7">
    <subfield code="a">Psicoterapia</subfield>
    <subfield code="2">lemb</subfield>
    <subfield code="9">2359</subfield>
  </datafield>
  <datafield tag="650" ind1=" " ind2=" ">
    <subfield code="a">Terapia grupal</subfield>
    <subfield code="9">150578</subfield>
  </datafield>
  <datafield tag="650" ind1=" " ind2=" ">
    <subfield code="a">Conducta - Aspectos cognitivos y emocionales</subfield>
    <subfield code="9">197599</subfield>
  </datafield>
  <datafield tag="650" ind1=" " ind2=" ">
    <subfield code="a">Intervenci&#xF3;n psicol&#xF3;gica</subfield>
    <subfield code="9">69689</subfield>
  </datafield>
  <datafield tag="650" ind1=" " ind2="7">
    <subfield code="a">Terapia cognitiva</subfield>
    <subfield code="2">armarc</subfield>
    <subfield code="9">105442</subfield>
  </datafield>
  <datafield tag="700" ind1="1" ind2="0">
    <subfield code="a">Jim&#xE9;nez Arcila, Ana Luc&#xED;a</subfield>
    <subfield code="4">aut</subfield>
    <subfield code="e">aut</subfield>
    <subfield code="9">677934</subfield>
  </datafield>
  <datafield tag="700" ind1="1" ind2="0">
    <subfield code="a">Ram&#xED;rez P&#xE9;rez, Mar&#xED;a Helena</subfield>
    <subfield code="4">ths</subfield>
    <subfield code="e">ths</subfield>
    <subfield code="9">401915</subfield>
  </datafield>
  <datafield tag="856" ind1="4" ind2=" ">
    <subfield code="u">https://bibliotecadigital.udea.edu.co/handle/10495/14302</subfield>
  </datafield>
  <datafield tag="942" ind1=" " ind2=" ">
    <subfield code="c">TESIS</subfield>
  </datafield>
  <datafield tag="999" ind1=" " ind2=" ">
    <subfield code="c">769395</subfield>
    <subfield code="d">769395</subfield>
  </datafield>
  <datafield tag="502" ind1=" " ind2=" ">
    <subfield code="b">105</subfield>
    <subfield code="c">12</subfield>
  </datafield>
  <datafield tag="526" ind1=" " ind2=" ">
    <subfield code="a">106</subfield>
  </datafield>
  <datafield tag="952" ind1=" " ind2=" ">
    <subfield code="0">0</subfield>
    <subfield code="1">0</subfield>
    <subfield code="4">0</subfield>
    <subfield code="7">0</subfield>
    <subfield code="8">TESDIGBC</subfield>
    <subfield code="a">BC</subfield>
    <subfield code="b">BC</subfield>
    <subfield code="d">2017-09-01</subfield>
    <subfield code="e">Material adquirido por donaci&#xF3;n</subfield>
    <subfield code="i">C1267425</subfield>
    <subfield code="l">0</subfield>
    <subfield code="o">157.38 F645 CD-ROM</subfield>
    <subfield code="p">1036731</subfield>
    <subfield code="r">2023-05-04 00:00:00</subfield>
    <subfield code="t">1</subfield>
    <subfield code="w">2023-05-04</subfield>
    <subfield code="y">DIGITAL</subfield>
  </datafield>
  <datafield tag="952" ind1=" " ind2=" ">
    <subfield code="0">0</subfield>
    <subfield code="1">0</subfield>
    <subfield code="4">0</subfield>
    <subfield code="7">0</subfield>
    <subfield code="8">DIGITAL</subfield>
    <subfield code="a">CISH</subfield>
    <subfield code="b">CISH</subfield>
    <subfield code="d">2017-09-06</subfield>
    <subfield code="e">Material adquirido por donaci&#xF3;n</subfield>
    <subfield code="i">C1267673</subfield>
    <subfield code="l">0</subfield>
    <subfield code="o">T/CD-12421</subfield>
    <subfield code="p">15987890</subfield>
    <subfield code="r">2023-05-04 00:00:00</subfield>
    <subfield code="t">2</subfield>
    <subfield code="w">2023-05-04</subfield>
    <subfield code="y">DIGITAL</subfield>
  </datafield>
</record>
